Pride and prejudice / (Record no. 14477)
[ view plain ]
| 000 -LEADER | |
|---|---|
| fixed length control field | 00526nam a22001812 4500 |
| 001 - CONTROL NUMBER | |
| control field | 0000009432 |
| 005 - DATE AND TIME OF LATEST TRANSACTION | |
| control field | 20151217160120.0 |
| 008 - FIXED-LENGTH DATA ELEMENTS--GENERAL INFORMATION | |
| fixed length control field | 081027s xx 000 0 eng d |
| 020 ## - INTERNATIONAL STANDARD BOOK NUMBER | |
| International Standard Book Number | 0333078600 : |
| Terms of availability | KES 221.25 |
| 040 ## - CATALOGING SOURCE | |
| Original cataloging agency | KABU |
| Transcribing agency | KABU |
| 100 1# - MAIN ENTRY--PERSONAL NAME | |
| Personal name | Austen, Jane. |
| -- | 0000152223 |
| 245 10 - TITLE STATEMENT | |
| Title | Pride and prejudice / |
| Statement of responsibility, etc. | Jane Austen; retold by Joan Macintosh. |
| 260 ## - PUBLICATION, DISTRIBUTION, ETC. (IMPRINT) | |
| Place of publication, distribution, etc. | Oxford : |
| Name of publisher, distributor, etc. | Macmillan Education, |
| Date of publication, distribution, etc. | 1962. |
| 300 ## - PHYSICAL DESCRIPTION | |
| Extent | 168 p. |
| 908 ## - PUT COMMAND PARAMETER (RLIN) | |
| Put command parameter | 081027 |
| 950 ## - LOCAL HOLDINGS (RLIN) | |
| -- | 1 |
| Withdrawn status | Lost status | Source of classification or shelving scheme | Not for loan | Home library | Current library | Date acquired | Total Checkouts | Full call number | Barcode | Date last seen | Price effective from | Koha item type |
|---|---|---|---|---|---|---|---|---|---|---|---|---|
| Library of Congress Classification | Kabarak, Main Campus | Kabarak, Main Campus | 17/12/2015 | PZ7 .A97P7 c. 1 | 15355 | 17/12/2015 | 17/12/2015 | Children Collection |